Ciencia para niños / (Registro nro. 4458)
[ vista simple ]
| 000 -LEADER | |
|---|---|
| fixed length control field | 01321nam a2200313Ia 4500 |
| 003 - CONTROL NUMBER IDENTIFIER | |
| control field | OSt |
| 005 - DATE AND TIME OF LATEST TRANSACTION | |
| control field | 20200901133759.0 |
| 008 - FIXED-LENGTH DATA ELEMENTS--GENERAL INFORMATION | |
| fixed length control field | 191128s2017 ck a gr 000 0 spa d |
| 020 ## - INTERNATIONAL STANDARD BOOK NUMBER | |
| International Standard Book Number | 9789583056604 |
| 040 ## - CATALOGING SOURCE | |
| Original cataloging agency | CO-JMCR |
| Transcribing agency | CO-JMCR |
| 041 0# - LANGUAGE CODE | |
| Language code of text/sound track or separate title | spa |
| 082 04 - DEWEY DECIMAL CLASSIFICATION NUMBER | |
| Classification number | 372.35 / |
| Item number | M433c |
| Edition number | 23 |
| 100 1# - MAIN ENTRY--PERSONAL NAME | |
| Personal name | Matijasevic, Sanja, |
| Relator term | autora |
| 9 (RLIN) | 9587 |
| 245 10 - TITLE STATEMENT | |
| Title | Ciencia para niños / |
| Statement of responsibility, etc. | Sanja Matijasevic, Vesna Kartal, Dragoslava Gunjic |
| 250 ## - EDITION STATEMENT | |
| Edition statement | Primera edición |
| 260 ## - PUBLICATION, DISTRIBUTION, ETC. | |
| Place of publication, distribution, etc. | Bogotá : |
| Name of publisher, distributor, etc. | Panamericana, |
| Date of publication, distribution, etc. | 2017. |
| 300 ## - PHYSICAL DESCRIPTION | |
| Extent | 135 páginas : |
| Other physical details | ilustraciones a color ; |
| Dimensions | 24 cm. |
| 505 0# - FORMATTED CONTENTS NOTE | |
| Formatted contents note | El barril sin fondo -- La botella loca -- El huevo obediente -- Desde peces hasta viajes a la luna |
| 520 0# - SUMMARY, ETC. | |
| Summary, etc. | ¡Juguemos y aprendamos juntos! ¿Qué te gustaría ser?¿Un científico curioso, un gran matemático o un explorador? En este libro encontrarás ideas de juegos y actividades divertidas que te ayudarán a comprender varios aspectos. |
| 650 24 - SUBJECT ADDED ENTRY--TOPICAL TERM | |
| Topical term or geographic name entry element | Ciencia |
| General subdivision | Enseñanza elemental |
| 9 (RLIN) | 9588 |
| 650 24 - SUBJECT ADDED ENTRY--TOPICAL TERM | |
| Topical term or geographic name entry element | Experimentos |
| General subdivision | Reacciones químicas |
| 9 (RLIN) | 9589 |
| 650 24 - SUBJECT ADDED ENTRY--TOPICAL TERM | |
| Topical term or geographic name entry element | Enseñanza elemental |
| 9 (RLIN) | 9590 |
| 650 24 - SUBJECT ADDED ENTRY--TOPICAL TERM | |
| Topical term or geographic name entry element | Experimentos Botánica |
| 9 (RLIN) | 9591 |
| 650 24 - SUBJECT ADDED ENTRY--TOPICAL TERM | |
| Topical term or geographic name entry element | Enseñanza elemental |
| 9 (RLIN) | 9590 |
| 650 24 - SUBJECT ADDED ENTRY--TOPICAL TERM | |
| Topical term or geographic name entry element | Experimentos Electricidad |
| 9 (RLIN) | 9592 |
| 650 24 - SUBJECT ADDED ENTRY--TOPICAL TERM | |
| Topical term or geographic name entry element | Enseñanza elemental |
| 9 (RLIN) | 9590 |
| 650 24 - SUBJECT ADDED ENTRY--TOPICAL TERM | |
| Topical term or geographic name entry element | Experimentos |
| 9 (RLIN) | 9593 |
| 942 ## - ADDED ENTRY ELEMENTS (KOHA) | |
| Source of classification or shelving scheme | Dewey Decimal Classification |
| Koha item type | Books |
| Withdrawn status | Lost status | Source of classification or shelving scheme | Materials specified (bound volume or other part) | Damaged status | Not for loan | Home library | Current library | Shelving location | Date acquired | Source of acquisition | Total Checkouts | Total Renewals | Full call number | Barcode | Date last seen | Date last checked out | Copy number | Price effective from | Koha item type |
|---|---|---|---|---|---|---|---|---|---|---|---|---|---|---|---|---|---|---|---|
| Dewey Decimal Classification | Donación--10/12/2018-- | Biblioteca Pública José María del Castillo y Rada | Biblioteca Pública José María del Castillo y Rada | General Stacks | 11/28/2019 | Donación | 17 | 2 | 372.35 / M433c | 201809327 | 03/31/2026 | 03/02/2026 | Ej.1 | 11/28/2019 | Books |